000 00437nam a2200169Ia 4500
008 180921t2017 xxu||||| |||| 00| 1 sin d
041 _asin
080 _aX8C31
_bJAY
100 _aJayasekara Menike, Leela
245 _aනංගියි මමයි
246 _aNangiyi Mamai
260 _bNanila Publications
_aNugegoda
_c2017
300 _a123p., 21cm
942 _cBK
999 _c8071
_d8071
003 LK-CoDNM
040 _aLK-CoDNM
_dLK-CoDNM
_eLK-CoDNM